000 00590nam a2200217 a 4500
999 _c12040
_d12040
001 12040
003 BD-JhCC
005 20210309094740.0
008 210308b20022013bg a|||| ||a| 000 0 mul d
020 _a9789848812815
035 _a(BD-JhCC)12040
040 _aBD-JhCC
_dBD-JhCC
041 _amul
082 _a005.72
_bASH 2013
100 _aAshraf, Bappi
245 _aএডোবি Flash /
_cBappi Ashraf
260 _aঢাকা :
_bজ্ঞানকোষ প্রকাশনী;
_c২০১৩.
300 _a512 p, :
_bill
_c24 cm.
942 _2ddc
_cBK